000 00859nam a22002777a 4500
001 BR8702360
003 BR-BrBNA
005 20230928092455.0
007 ta
008 230509b bl.||||| |||| 00| 0 por d
040 _aBR-BrBNA
_bpor
_cBiblioteca Nacional de Agricultura
041 _a(Por)
072 _aM01; E40
_b/G514
090 _ M01 BR8702360
100 1 _aPollak, M.
110 1 _aAssociacao de Credito e Assistencia Pesqueira de Santa Catarina, Florianopolis (Brasil)
_9414
245 1 _aGuia pratico cooperativismo [Santa Catarina, Brasil]
260 3 _aFlorianopolis, SC (Brasil):
_c1981.
300 _a21 p.
500 _a(*) Documento disponível no(a) CEAGRI, Florianopolis, SC (Brazil)
650 _aPESCA ARTESANAL
650 _aCOOPERATIVA
650 _aSANTA CATARINA
909 _a202309
_bLucia
_c55
_dLucia Elande
942 _cBK
999 _c39276
_d39276